Presidential Birthplaces - Statistics

General Stats
  • This quiz has been taken 92 times
    66 since last reset
  • The average score is 24 of 40
Answer Stats
Birthplace President % Correct
Honolulu, Hawaii Barack Obama
100%
Hope, Arkansas Bill Clinton
93%
Yorba Linda, California Richard Nixon
89%
Plains, Georgia Jimmy Carter
86%
Stonewall, Texas Lyndon B. Johnson
86%
New York City, New York Theodore Roosevelt, Donald Trump
86%
Westmoreland County, Virginia George Washington, James Monroe
84%
Hyde Park, New York Franklin Roosevelt
77%
Lamar, Missouri Harry S. Truman
77%
Sinking Spring, Kentucky Abraham Lincoln
75%
Waxhaw Region, South Carolina or North Carolina Andrew Jackson, James K. Polk
75%
New Haven, Connecticut George W. Bush
75%
Braintree, Massachusetts John Adams or John Quincy Adams
75%
Omaha, Nebraska Gerald Ford
68%
Scranton, Pennsylvania Joe Biden
66%
Tampico, Illinois Ronald Reagan
66%
Shadwell, Virginia Thomas Jefferson
66%
Kinderhook, New York Martin Van Buren
64%
Hillsborough, New Hampshire Franklin Pierce
61%
Brookline, Massachusetts John F. Kennedy
61%
Plymouth, Vermont Calvin Coolidge
57%
West Branch, Iowa Herbert Hoover
57%
Denison, Texas Dwight Eisenhower
55%
Point Pleasant, Ohio Ulysses Grant
55%
Charles City County, Virginia William Henry Harrison, John Tyler
52%
Cove Gap, Pennsylvania James Buchanan
50%
Caldwell, New Jersey Grover Cleveland
48%
Port Conway, Virginia James Madison
48%
Delaware, Ohio Rutherford B. Hayes
45%
Staunton, Virginia Woodrow Wilson
45%
Raleigh, North Carolina Andrew Johnson
43%
Milton, Massachusetts George H.W. Bush
43%
Cincinnati, Ohio William Taft
43%
Summerhill, New York Millard Fillmore
41%
North Bend, Ohio Benjamin Harrison
39%
Moreland Hills, Ohio James Garfield
39%
Barboursville, Virginia Zachary Taylor
39%
Fairfield, Vermont Chester Arthur
36%
Blooming Grove, Ohio Warren Harding
36%
Niles, Ohio William McKinley
36%
No matching quizzes found
Score Distribution
Percent of People with Each Score
Percentile by Number Answered
Your Score History
You have not taken this quiz since the last reset